Political thought and leadership of Lokmanya Tilk / (Record no. 129956)

MARC details
000 -LEADER
fixed length control field 00716nam a22002297a 4500
005 - DATE AND TIME OF LATEST TRANSACTION
control field 20170124110105.0
010 ## - LIBRARY OF CONGRESS CONTROL NUMBER
LC control number A-158696
020 ## - INTERNATIONAL STANDARD BOOK NUMBER
Terms of availability 00.00
035 ## - SYSTEM CONTROL NUMBER
System control number A-158696
037 ## - SOURCE OF ACQUISITION
Source of stock number/acquisition Cen Lib/Ret
040 ## - CATALOGING SOURCE
Original cataloging agency DPL
Language of cataloging EN
082 ## - DEWEY DECIMAL CLASSIFICATION NUMBER
Classification number 921
Item number POL
245 ## - TITLE STATEMENT
Title Political thought and leadership of Lokmanya Tilk /
Statement of responsibility, etc edited by N.R.Inamdar
260 ## - PUBLICATION, DISTRIBUTION, ETC. (IMPRINT)
Place of publication, distribution, etc New Delhi
Name of publisher, distributor, etc Concept Publishing Company
Date of publication, distribution, etc 1981
270 ## - ADDRESS
Address H-13, Bali Nagar
City New Delhi
Postal code 110015
300 ## - PHYSICAL DESCRIPTION
Extent xI,348p.
Dimensions 20cm(Hb)
500 ## - GENERAL NOTE
General note Includes bibliographical reference and index
650 ## - SUBJECT ADDED ENTRY--TOPICAL TERM
Topical term or geographic name as entry element Political science
9 (RLIN) 27889
650 ## - SUBJECT ADDED ENTRY--TOPICAL TERM
Topical term or geographic name as entry element Indian Freedom Movement
9 (RLIN) 27890
700 ## - ADDED ENTRY--PERSONAL NAME
9 (RLIN) 23838
Personal name Inamdar, N.R.
942 ## - ADDED ENTRY ELEMENTS (KOHA)
Source of classification or shelving scheme Dewey Decimal Classification
Koha item type English Books
Classification part 921
Call number suffix POL
Holdings
Withdrawn status Lost status Damaged status Not for loan Home library Current library Date acquired Source of acquisition Cost, normal purchase price Total Checkouts Full call number Barcode Date last seen Copy number Cost, replacement price Price effective from Koha item type
        Central Library Central Library 08/07/2015 Cen Lib/Ret 0.00   921 POL A-158696 08/07/2015 1 0.00 08/07/2015 English Books

© Delhi Public Library
Hit Counter
free hit counter